MARC

LEADER 00000nam0a2200000 4500
001 370973
005 20231102012331.0
035 |a (RuTPU)RU\TPU\retro\28382 
035 |a RU\TPU\book\337310 
090 |a 370973 
100 |a 20220822d1979 m y0rusy50 ca 
101 1 |a eng  |c rus 
102 |a RU 
105 |a a j 001zy 
200 1 |a Основы технологии машиностроения  |d Fundamentals of Manufacturing Engineering  |e [учебник]  |f В. М. Кован, В. С. Корсаков, А. Г. Косилова [и др.] 
210 |a Москва  |c Мир  |d 1979 
215 |a 422 с.  |c ил. 
300 |a На английском языке 
320 |a Библиогр.: с. 418 
320 |a Указ.: с. 420-422 
510 1 |a Fundamentals of Manufacturing Engineering  |z eng 
606 1 |a Технология машиностроения  |2 stltpush  |3 (RuTPU)RU\TPU\subj\60151  |9 77640 
610 1 |a машиностроение 
610 1 |a учебники 
610 1 |a технологические процессы 
610 1 |a расчет 
610 1 |a построение 
610 1 |a узлы 
610 1 |a машины 
610 1 |a технология 
610 1 |a английский язык 
675 |a 621.002(075.8)  |v 3 
701 1 |a Кован  |b В. М.  |g Виктор Михайлович 
701 1 |a Корсаков  |b В. С. 
701 1 |a Косилова  |b А. Г. 
701 1 |a Калинин  |b М. А. 
701 1 |a Капустин  |b Н. М. 
701 1 |a Солодов  |b М. Д. 
702 1 |a Корсаков  |b В. С.  |4 340 
801 1 |a RU  |b 63413507  |c 20030412  |g PSBO 
801 2 |a RU  |b 63413507  |c 20220822  |g PSBO 
942 |c BK